000
00203 a2200097 4500
001
16804
100
_a
Yourke, Margaret
245
_a
Cost of silence
260
_a
_b
Arrow books
_c
090
_c
12669
_d
12669
942
_a
NUST-CAE
_c
_c
2968
999
_c
251877
_d
251877